• 首页
  • 本馆介绍
  • 公告通知
  • 最新文献
  • 馆藏检索
  • 电子资源
  • 读者导购
  • 参考咨询
  • 我的图书馆
  • 登录
  • 详细信息显示
  • 放入我的书架
  • 预约/预借图书
  • 作者相关作品
  • 分类相关作品
  • 丛书相关作品
  • 出版社相关作品

书目信息

  • 表格格式
  • 工作单格式
  • 卡片格式
题名:
服从
    
 
作者: 哈伯德 著 ;剑东 编译
分册:  
出版信息: 北京   当代中国出版社  2004
页数: 176页
开本: 21cm
丛书名: 公司精神
单 册:
中图分类: F272.92 , B825
科图分类:
主题词: 人事管理 , 企业管理--人事管理 , 企业管理 , 伦理学
电子资源:
ISBN: 7-80170-292-1
000 01166oam2 2200337 450
001 0931757718
005 20090929085036.23
010    @a7-80170-292-1@dCNY15.80
100    @a20040406d2004 em y0chiy50 ea
101 1  @achi@ceng
102    @aCN@b110000
105    @aa z 000yy
106    @ar
200 1  @a服从@e完成任务的学问@f(美)阿尔伯特·哈伯德(Elbert Hubbard)著@g剑东编译@Afu cong
210    @a北京@c当代中国出版社@d2004
215    @a176页@c图@d21cm
225 2  @a公司精神@v01
330    @a本书详尽的论述了“服从”与个人、“服从”与企业的关系;内容包括:学会服从、拒绝借口,服从、努力完成每一项任务,服从是敬业精神的具体体现,忠诚等同于智慧,从优秀到卓越等五章。
461  0 @1001002621739
510 1  @aObedience@zeng
517 1  @a完成任务的学问@Awan cheng ren wu de xue wen
606 0  @a人事管理
606 0  @a企业管理@x人事管理
606 0  @a企业管理
606 0  @a伦理学
690    @aF272.92@v4
690    @aB825@v4
701  0 @c(美)@a哈伯德@c(Hubbard, Elbert@f1856~1915)@4著@Aha bo de
702  0 @a剑东@4编译@Ajian dong
801  0 @aCN@b大连网信软件有限公司图书馆·11@c20090929
905    @a10447@dB825@eJY77
    
    服从:完成任务的学问/(美)阿尔伯特·哈伯德(Elbert Hubbard)著/剑东编译.-北京:当代中国出版社,2004
    176页:图;21cm .-(公司精神;01 )
    
    
    ISBN 7-80170-292-1:CNY15.80
    本书详尽的论述了“服从”与个人、“服从”与企业的关系;内容包括:学会服从、拒绝借口,服从、努力完成每一项任务,服从是敬业精神的具体体现,忠诚等同于智慧,从优秀到卓越等五章。
●
相关链接 在E读中查询图书 在五车中查询图书 在当当中查询图书 在豆瓣中查询图书


正题名:服从     索取号:B825/JY77         预约/预借

序号 登录号 条形码 馆藏地/架位号 状态 备注
1 7820226   278202268   学院路分馆/ [索取号:B825/JY77] 在馆    
2 7820227   278202277   学院路分馆/ [索取号:B825/JY77] 在馆    
3 7820228   278202286   学院路分馆/ [索取号:B825/JY77] 在馆    
4 7820229   278202295   学院路分馆/ [索取号:B825/JY77] 在馆    
唐山师范学院图书馆 欢迎您!
大连网信软件有限公司© 版权所有